| 000 | 00000nam##2200000za#4500 |
| 001 | 9.570260 |
| 003 | CaOODSP |
| 005 | 20220901140008 |
| 007 | cr ||||||||||| |
| 008 | 150406|1999||||xxc|||||o f|0| 0 eng|d |
| 040 | |aCaOODSP|beng |
| 043 | |an-cn--- |
| 086 | 1 |aJ3-8/1999-2E-PDF |
| 110 | 1 |aCanada.|bJustice Canada. |
| 245 | 10|aBest practices and lessons learned : |h[electronic resource]|bmultidisciplinary and integrated justice projects / |c[by] George Kiefl. |
| 260 | |aOttawa - Ontario : |bJustice Canada |cMarch 1999. |
| 300 | |a73p.|btables |
| 490 | 1 |aWorking document|vWD1999-2e |
| 590 | |a11-08-Supp|b2011-06-16 |
| 720 | 1 |aKiefl, George |
| 775 | 08|tPratiques optimales et enseignements tirés des projets de justice intégrée et multidisciplinaire / |w(CaOODSP)9.601006 |
| 830 | #0|aWorking document ;|vWD1999-2e|w(CaOODSP)9.505668 |
| 856 | 40|ahttp://publications.gc.ca|qPDF|s273 KB|uhttps://publications.gc.ca/collections/collection_2011/jus/J3-8-1999-2-eng.pdf|yWD1999-2e |